Subidas, caídas y Ecos /
El cambio demográfico de los últimos décadas repercute ampliamente en el desarrollo económico. Los análisis económicos suelen centrarse en cómo la población y su ritmo de crecimiento ejercen presión sobre los escasos recursos, diluyen la relación trabajo-capital o generan economías de escala. Pero e...
保存先:
| 第一著者: | |
|---|---|
| その他の著者: | |
| フォーマット: | テキスト |
| 主題: | |
| タグ: |
タグ追加
タグなし, このレコードへの初めてのタグを付けませんか!
|
MARC
| LEADER | 00000 a a2200000 04500 | ||
|---|---|---|---|
| 001 | 8096 | ||
| 003 | |||
| 040 | |||
| 100 | |a Bloom, David E. | ||
| 245 | |a Subidas, caídas y Ecos / |c David E. Bloom ; David Canning | ||
| 520 | |a El cambio demográfico de los últimos décadas repercute ampliamente en el desarrollo económico. Los análisis económicos suelen centrarse en cómo la población y su ritmo de crecimiento ejercen presión sobre los escasos recursos, diluyen la relación trabajo-capital o generan economías de escala. Pero el cambio demográfico tiene otras dimensiones importantes. El aumento de la esperanza de vida puede afectar a las decisiones sobre educación, jubilación y ahorro, estimulando potencialmente el capital financiero de los inversores y el capital humano que refuerzan las economías. El cambio demográfico también afecta a la estructura por edad de la población, alterando la razón de población activa - inactiva. Este artículo analiza las múltiples facetas del impacto del cambio demográfico en la economía mundial y examina los ajustes de política necesaria en el mundo | ||
| 650 | |a CAMBIO DEMOGRAFICO | ||
| 650 | |a PROYECCIONES DE POBLACION | ||
| 650 | |a CONSECUENCIAS SOCIALES | ||
| 650 | |a CONSECUENCIAS ECONOMICAS | ||
| 700 | |a Canning, David | ||
| 773 | |g volumen 43, número 3; páginas 8-13 | ||
| 999 | |c 32922 |d 32922 | ||
